Die Entwicklung der programmatischen Ausrichtung der deutschen Christdemokraten bakalárska práca

Enregistré dans:
Détails bibliographiques
Auteur principal: Hess, Jan
Collectivité auteur: Fakulta aplikovaných jazykov EU v Bratislave. Katedra jazykovedy a translatológie
Autres auteurs: Štefančík, Radoslav, 1976-
Format: Livre
Langue:allemand
Publié: Bratislava 2015
Tags: Ajouter un tag
Pas de tags, Soyez le premier à ajouter un tag!

MARC

LEADER 00000nbm a2200000 4500
001 0202021
005 20161212094215.2
041 0 |a ger 
044 |a SK 
245 1 0 |a Die Entwicklung der programmatischen Ausrichtung der deutschen Christdemokraten  |b bakalárska práca  |c Jan Hess ; školiteľ: Radoslav Štefančík 
264 1 |a Bratislava  |c 2015 
300 |a 44 s. 
100 1 |a Hess, Jan 
700 1 |a Štefančík, Radoslav, 1976- 
710 2 |a Fakulta aplikovaných jazykov EU v Bratislave. Katedra jazykovedy a translatológie